| 000 | 00884nas a2200289 4500 | ||
|---|---|---|---|
| 001 | BR2019001250 | ||
| 003 | BR-BrBNA | ||
| 005 | 20231205131813.0 | ||
| 007 | ta | ||
| 008 | 230509b bl.|||p| |||| 00| 00por d | ||
| 040 |
_aBR-BrBNA _bpor _cBiblioteca Nacional de Agricultura |
||
| 041 | _a(Pt) | ||
| 072 | _aP33; P35 | ||
| 100 | 1 | _aMiranda, E.R. de | |
| 100 | 1 | _aIgue, K. | |
| 100 | 1 | _aPaez, G. | |
| 245 | 1 |
_aEfeito de cultivos sucessivos na relação q/i de potássio _bParte de tese |
|
| 650 | _aANÁLISE DO SOLO | ||
| 650 | _aFERTILIDADE DO SOLO | ||
| 650 | _aUMIDADE DO SOLO | ||
| 650 | _aCULTIVO CONTÍNUO | ||
| 650 | _aRELAÇÃO SOLO-PLANTA | ||
| 773 | 0 |
_tRevista Theobroma (Brazil) _xISSN 0370-7962 _g(Oct-Dec 1972), v. 2(4) p. 8-15 _wBR2019001250 |
|
| 856 | 4 | 0 | _dLink DSPACE/MAPA BR2019001250 |
| 909 |
_a202311 _bLúcia _c55 _dLúcia Elande |
||
| 942 |
_2AGRIS _n0 _cANA |
||
| 999 |
_c256795 _d256795 |
||